000 00430nam a2200181Ia 4500
001 20269
005 20260306172754.0
008 260306t2006||||xx |||||||||||||| ||spa||
041 _aESP
082 _a343.1
_bG26
100 _aGarcía Belaunde, Domingo
_eAUT
245 0 _aLa constitución y su dinámica
260 _c2006
300 _a452 páginas :
_c\N
650 _aGEN
654 _aCDE
942 _cLIB
_dJUS
_fJUS
_2ddc
_n
999 _c20269
_d20269